2023 JEE Main Chemistry/ (Record no. 200810)

MARC details
000 -LEADER
fixed length control field 00657nam a22002057a 4500
005 - DATE AND TIME OF LATEST TRANSACTION
control field 20240215153549.0
010 ## - LCCN (DPL NO)
LC control number ENG-139247
020 ## - INTERNATIONAL STANDARD BOOK NUMBER
International Standard Book Number 9789356066939
Terms of availability 685.00
035 ## - SYSTEM CONTROL NUMBER
System control number EN-122779
037 ## - SOURCE OF ACQUISITION
Source of stock number/acquisition DBAD/PUB
082 ## - DEWEY DECIMAL CLASSIFICATION NUMBER
Classification number 540
Edition number 6
100 ## - MAIN ENTRY--PERSONAL NAME
Personal name Singhal, A.K
245 ## - TITLE STATEMENT
Title 2023 JEE Main Chemistry/
Statement of responsibility, etc By A.K Singhal and U.K Singhal
250 ## - EDITION STATEMENT
Edition statement 6
260 ## - PUBLICATION, DISTRIBUTION, ETC. (IMPRINT)
Place of publication, distribution, etc Uttar Pradesh
Name of publisher, distributor, etc Pearson India Education Pvt Ltd
Date of publication, distribution, etc 2023
270 ## - ADDRESS
City Uttar Pradesh
Address 15th FLoor, Tower-B, World Trade Tower, Plot No.1, Block- C, Sector-16, Noida
Postal code 201301
300 ## - PHYSICAL DESCRIPTION
Extent vpp.
Dimensions 28cm(pb)
Other physical details Index
490 ## - SERIES STATEMENT
Series statement Vol 1
942 ## - ADDED ENTRY ELEMENTS (KOHA)
Source of classification or shelving scheme Dewey Decimal Classification
Item type English Books
Classification part 540
Call number suffix SIN
Edition 6
Holdings
Withdrawn status Lost status Not for loan Collection code Home library Current library Date acquired Source of acquisition Cost, normal purchase price Full call number Barcode Copy number Cost, replacement price Koha item type
    Not For Loan Non-fiction D.B.Act.Division D.B.Act.Division 15/02/2024 DBAD/PUB 685.00 540 SIN EN-122779 1 685.00 English Books

© Delhi Public Library
Hit Counter
free hit counter